000 00503nam a2200181Ia 4500
005 20250317123614.0
008 008 250317s9999 xx 000 0 eng d
037 _aTextbook
040 _aFMSL
_beng
_cFMSL
041 _aeng
_2eng
084 _aD658(B) K7
_qFMSL
100 _aKlerer M
_9735650
245 0 _aDigital users computers handbook
260 _aNew Delhi
_bNew Delhi, Lalwani
_c1967
300 _a308p
942 _cTB
_hD658(B) K7
999 _c1251986
_d1251986